[Event "Turkish Super League 2019"]
[Site "Konya"]
[Date "2019.07.28"]
[Round "13"]
[White "Esipenko, Andrey"]
[Black "Injac, Teodora"]
[Result "1-0"]
[WhiteElo "2621"]
[BlackElo "2305"]
[Annotator "RC"]
[PlyCount "67"]
[EventDate "2019.07.17"]
[EventType "team-tourn"]
[EventCountry "TUR"]
[SourceTitle "playchess.com"]
[Source "ChessBase"]
[SourceQuality "1"]
[TimeControl "40/5400+30:1800+30"]

1. d4 {[%emt 0:00:30]} Nf6 {[%emt 0:00:30]} 2. c4 {[%emt 0:00:00]} g6 {[%emt 0:00:00]} 3. Nc3 {[%emt 0:00:00]} Bg7 {[%emt 0:00:00]} 4. e4 {[%emt 0:00:30]} d6 {[%emt 0:00:00]} 5. h3 {[%emt 0:00:30]} O-O {[%emt 0:01:00]} 6. Be3 {[%emt 0:00:30]} c5 {[%emt 0:03:30]} 7. Nf3 {[%emt 0:00:30]} Qa5 {[%emt 0:01:30]} 8. Bd3 {[%emt 0:00:30]} Nc6 {[%emt 0:07:30]} 9. d5 {[%emt 0:16:30]} Nb4 {[%emt 0:05:30]} 10. Bb1 {[%emt 0:00:30]} b5 {[%emt 0:21:30]} 11. cxb5 {[%emt 0:00:30]} e6 {[%emt 0:09:30]} 12. dxe6 {[%emt 0:03:30]} Bxe6 {[%emt 0:00:30]} 13. O-O {[%emt 0:02:30]} Rfd8 {[%emt 0:04:30]} 14. Qc1 {[%emt 0:28:30]} a6 {[%emt 0:03:30]} 15. bxa6 {[%emt 0:00:30]} Qxa6 {[%emt 0:01:30]} 16. Bh6 {[%emt 0:02:30]} Nd3 {[%emt 0:16:30]} 17. Bxd3 {[%emt 0:00:30]} Qxd3 {[%emt 0:00:30]} 18. Rd1 {[%emt 0:01:30]} Qc4 {[%emt 0:00:30]} 19. Bxg7 {[%emt 0:00:30]} Kxg7 {[%emt 0:00:00]} 20. Ng5 {[%emt 0:00:30]} Qb4 {[%emt 0:06:26]} 21. Nxe6+ {[%emt 0:10:30]} fxe6 {[%emt 0:00:10]} 22. Qe3 {[%emt 0:00:30]} e5 {[%emt 0:07:41]} 23. Rd2 {[%emt 0:00:30]} Qb7 {[%emt 0:03:55]} 24. Rad1 {[%emt 0:00:30]} Ra6 {[%emt 0:01:02]} 25. Qe2 {[%emt 0:00:30]} Qc6 {[%emt 0:03:38]} 26. f4 {[%emt 0:08:30]} exf4 {[%emt 0:00:10]} 27. e5 {[%emt 0:00:30]} Ne8 {[%emt 0:00:37]} 28. exd6 {[%emt 0:00:30]} Ra7 {[%emt 0:00:49]} 29. Qe5+ {[%emt 0:00:30]} Nf6 {[%emt 0:00:30]} 30. Qxf4 {[%emt 0:00:30]} Rad7 {[%emt 0:00:32]} 31. Re1 {[%emt 0:01:30]} Rxd6 {[%emt 0:00:57]} 32. Re7+ {[%emt 0:00:30]} Kf8 {[%emt 0:00:46]} 33. Rde2 {[%emt 0:00:00]} Kg8 {[%emt 0:00:31]} 34. Qh6 {[%emt 0:00:00]} 1-0

[Event "Turkish Super League 2019"]
[Site "Konya"]
[Date "2019.07.28"]
[Round "13"]
[White "Nihal Sarin"]
[Black "Alekseenko, Kirill"]
[Result "1/2-1/2"]
[WhiteElo "2610"]
[BlackElo "2650"]
[Annotator "TA"]
[PlyCount "77"]
[EventDate "2019.07.17"]
[EventType "team-tourn"]
[EventCountry "TUR"]
[SourceTitle "playchess.com"]
[Source "ChessBase"]
[SourceQuality "1"]

{[%evp 9,77,17,33,33,36,34,34,30,35,42,62,41,41,39,53,30,35,38,39,45,55,33,47,57,65,56,119,99,272,185,190,189,191,137,131,98,126,127,125,99,115,54,53,53,54,46,81,79,68,46,46,54,54,54,54,54,89,47,80,25,14,0,0,0,0,0,0,0,0,0]} 1. d4 Nf6 2. c4 e6 3. Nf3 d5 4. Nc3 dxc4 5. e4 b5 $146 (5... Bb4 6. Bg5 c5 7. Bxc4 cxd4 8. Nxd4 Bxc3+ 9. bxc3 Qa5 10. Bd2 O-O 11. Qe2 e5 12. Nb3 Qc7 13. O-O Bg4 14. f3 Rc8 15. Bd5 Nxd5 16. exd5 Bh5 17. c4 {1-0 (38) Carlsen,M (2845)-Aronian,L (2763) Karlsruhe/Baden Baden 2019}) 6. e5 {D24: Queen's Gambit Accepted: 3 Nf3 Nf6 4 Nc3} Nfd7 7. Nxb5 Nb6 8. Be2 {White is slightly better.} Nc6 9. O-O Be7 10. Qd2 O-O 11. Rd1 Nb4 12. Qf4 Bb7 13. Qg4 Kh8 $1 14. Nc3 Qd7 15. Qh3 f5 16. exf6 $40 {[%mdl 128] White has some attack.} gxf6 17. Bf4 N6d5 ({Black should play} 17... Rg8 $14) 18. Bg3 $16 Nc2 $2 {[#]} (18... Nb6 $16 {was worth a try.}) 19. Rac1 ({Inferior is} 19. Bxc4 Nxa1 20. Rxa1 Nxc3 $11) 19... Nxc3 20. bxc3 Na3 21. Nd2 ({White should try} 21. Nh4 $18) 21... Bd5 22. Nf1 f5 {intending ...f4.} 23. Be5+ Bf6 24. Ne3 c6 25. Qh6 (25. Bf4 $16) 25... Bxe5 $14 26. dxe5 Rg8 27. g3 {Threatens to win with Qf6+.} Rg6 28. Qf4 {[%cal Re2c4]} Qe7 29. h3 {[%cal Re2c4]} ({Not} 29. Nxc4 $2 Nxc4 30. f3 Rb8 $19) 29... Qc5 30. Qd4 Qb6 31. Rd2 Rb8 32. Qf4 Qa6 33. Qh4 Rg7 34. Ng2 ({Better is} 34. Qf6 $16 Qb6 35. Bh5) 34... Qa5 $1 $11 35. Nf4 {The position is equal.} Nb1 {[%mdl 64] [#] Double Attack} 36. Rdc2 {Hoping for Qf6.} Na3 37. Rd2 {aiming for Qf6.} Nb1 {[%mdl 64] Double Attack} 38. Rdc2 {Qf6 is the strong threat.} Na3 39. Rd2 {Accuracy: White = 60%, Black = 49%.} 1/2-1/2

[Event "Turkish Super League 2019"]
[Site "Konya"]
[Date "2019.07.28"]
[Round "13"]
[White "Can, Emre"]
[Black "Kravtsiv, Martyn"]
[Result "0-1"]
[WhiteElo "2595"]
[BlackElo "2628"]
[Annotator "TA"]
[PlyCount "74"]
[EventDate "2019.07.17"]
[EventType "team-tourn"]
[EventCountry "TUR"]
[SourceTitle "playchess.com"]
[Source "ChessBase"]
[SourceQuality "1"]

{[%evp 13,74,26,27,3,8,16,15,7,14,0,20,4,45,37,60,0,0,-12,-1,-8,-16,-14,-38,-31,-24,-44,-46,-56,-20,-33,-23,-110,-106,-52,-30,-23,-37,-49,-53,-45,-47,-252,-243,-258,-268,-241,-260,-567,-537,-640,-634,-1169,-1127,-1034,-1014,-29959,-29960,-29964,-29965,-29957,-29958,-4622,-1450]} 1. d4 Nf6 2. c4 e6 3. Nf3 d5 4. Nc3 Nbd7 5. Qc2 Bb4 6. cxd5 exd5 7. Bg5 c5 8. g3 {D38: Queen's Gambit Declined: Ragozin Defence (4 Nf3 Bb4)} cxd4 9. Nxd4 Qb6 10. a3 {The position is equal.} Bxc3+ 11. bxc3 (11. Qxc3 Ne4 $15) 11... Ne4 12. Be3 $146 ({Predecessor:} 12. Bf4 Ndf6 13. Rb1 Qc5 14. f3 Nd6 15. Qa4+ Bd7 {½-½ (37) Aronian,L (2765)-Mamedyarov,S (2817) Kolkata 2018}) 12... Ndc5 13. Rb1 Qa5 14. Rb5 (14. Bg2 $14) 14... Qxa3 $11 15. f3 a6 16. Bc1 $132 {[%mdl 2048] White is fighting back} Qa4 $1 ({Don't go for} 16... Qa1 $2 17. Rb2 $18) 17. Qxa4 Nxa4 18. Rxd5 {Black must now prevent Re5+.} Nexc3 19. Re5+ Kd8 20. Bg2 Re8 21. Rh5 Bd7 22. f4 (22. Rxh7 $11 {remains equal.} Nxe2 23. Nxe2) 22... Rc8 $17 {Threatens to win with ...Rc4.} 23. O-O Nxe2+ 24. Nxe2 Rxe2 25. Bxb7 Rcc2 26. Rxh7 Nc3 {aiming for ...Bb5.} 27. Bf3 $2 ({Not} 27. Rxg7 $2 Bh3 $19) (27. Bxa6 {gets mated.} Rg2+ 28. Kh1 Bc6 $1 {[%mdl 512]} 29. Rf3 Bxf3 30. Rh8+ Kd7 $1 {[%mdl 512]} 31. Bb5+ Nxb5 32. Rd8+ Kxd8 33. h4 Rxc1#) (27. f5 $15) 27... Re8 $1 $19 28. Ba3 {[#]} Ne2+ $1 29. Kh1 {[#]} Re3 $1 {[%cal Re3f3] And now ...Rxf3! would win.} 30. Bxe2 $2 (30. Rxg7 {was the crucial defense.} Rxf3 31. Rxf3) 30... Rxa3 31. Re1 Re3 32. Rxg7 Rexe2 33. Rxe2 Rxe2 34. Rxf7 {KRB-KR} a5 {[%cal Ba6a5,Ba5a4,Ba4a3][%mdl 32]} 35. Kg1 a4 36. Rf8+ Be8 37. Rf5 a3 {Accuracy: White = 29%, Black = 83%.} 0-1

[Event "Turkish Super League 2019"]
[Site "Konya"]
[Date "2019.07.28"]
[Round "13"]
[White "Rozum, Ivan"]
[Black "Demircioglu, Emre"]
[Result "1-0"]
[WhiteElo "2583"]
[BlackElo "2242"]
[Annotator "ChessBase"]
[PlyCount "59"]
[EventDate "2019.07.17"]
[EventType "team-tourn"]
[EventCountry "TUR"]
[SourceTitle "playchess.com"]
[Source "ChessBase"]
[SourceQuality "1"]
[TimeControl "40/5400+30:1800+30"]

1. Nf3 {[%emt 0:02:30]} Nf6 {[%emt 0:00:30]} 2. g3 {[%emt 0:00:30]} g6 {[%emt 0:01:30]} 3. b3 {[%emt 0:00:00]} Bg7 {[%emt 0:00:00]} 4. Bb2 {[%emt 0:00:00]} O-O {[%emt 0:00:00]} 5. Bg2 {[%emt 0:00:00]} d6 {[%emt 0:02:30]} 6. d4 {[%emt 0:00:00]} Nbd7 {[%emt 0:05:30]} 7. O-O {[%emt 0:00:30]} e5 {[%emt 0:01:30]} 8. dxe5 {[%emt 0:01:30]} dxe5 {[%emt 0:01:30]} 9. Nxe5 {[%emt 0:00:30]} Qe7 {[%emt 0:18:30]} 10. Nd3 {[%emt 0:00:30]} Re8 {[%emt 0:05:30]} 11. Re1 {[%emt 0:03:30]} c6 {[%emt 0:09:30]} 12. Nd2 {[%emt 0:06:30]} Nb6 {[%emt 0:01:30]} 13. e4 {[%emt 0:01:30]} Rd8 {[%emt 0:03:30]} 14. Qe2 {[%emt 0:00:30]} h5 {[%emt 0:01:30]} 15. h3 {[%emt 0:00:30]} Be6 {[%emt 0:01:30]} 16. Rad1 {[%emt 0:00:30]} Ne8 {[%emt 0:03:30]} 17. Bxg7 {[%emt 0:00:30]} Nxg7 {[%emt 0:00:30]} 18. f4 {[%emt 0:03:30]} Qd7 {[%emt 0:11:30]} 19. Kh2 {[%emt 0:00:30]} Qd4 {[%emt 0:00:00]} 20. Nf3 {[%emt 0:03:30]} Qc3 {[%emt 0:01:00]} 21. Qf2 {[%emt 0:00:30]} Qf6 {[%emt 0:12:36]} 22. Nc5 {[%emt 0:01:30]} Rxd1 {[%emt 0:00:33]} 23. Rxd1 {[%emt 0:00:00]} Qe7 {[%emt 0:00:27]} 24. a4 {[%emt 0:02:00]} Bc8 {[%emt 0:02:28]} 25. e5 {[%emt 0:05:30]} Bf5 {[%emt 0:01:23]} 26. Ng5 {[%emt 0:03:30]} Ne6 {[%emt 0:05:00]} 27. Ngxe6 {[%emt 0:00:00]} Bxe6 {[%emt 0:00:39]} 28. a5 {[%emt 0:00:00]} Nd5 {[%emt 0:01:48]} 29. c4 {[%emt 0:01:30]} Nb4 {[%emt 0:00:17]} 30. Rd6 {[%emt 0:00:30]} 1-0

[Event "Turkish Super League 2019"]
[Site "Konya"]
[Date "2019.07.28"]
[Round "13"]
[White "Dastan, Muhammed Batuhan"]
[Black "Mchedlishvili, Mikheil"]
[Result "1/2-1/2"]
[WhiteElo "2565"]
[BlackElo "2571"]
[Annotator "ChessBase"]
[PlyCount "97"]
[EventDate "2019.07.17"]
[EventType "team-tourn"]
[EventCountry "TUR"]
[SourceTitle "playchess.com"]
[Source "ChessBase"]
[SourceQuality "1"]
[TimeControl "40/5400+30:1800+30"]

1. e4 {[%emt 0:02:30]} c5 {[%emt 0:00:30]} 2. Nf3 {[%emt 0:00:00]} d6 {[%emt 0:00:30]} 3. d4 {[%emt 0:00:00]} cxd4 {[%emt 0:00:30]} 4. Nxd4 {[%emt 0:00:30]} Nf6 {[%emt 0:00:30]} 5. Nc3 {[%emt 0:00:00]} a6 {[%emt 0:00:30]} 6. Be2 {[%emt 0:01:00]} e5 {[%emt 0:01:30]} 7. Nb3 {[%emt 0:01:30]} Be7 {[%emt 0:00:30]} 8. Qd3 {[%emt 0:01:30]} O-O {[%emt 0:06:30]} 9. O-O {[%emt 0:00:30]} Be6 {[%emt 0:00:30]} 10. Nd5 {[%emt 0:02:30]} Nxd5 {[%emt 0:02:30]} 11. exd5 {[%emt 0:00:30]} Bc8 {[%emt 0:00:30]} 12. Be3 {[%emt 0:05:30]} Nd7 {[%emt 0:02:30]} 13. c4 {[%emt 0:11:30]} a5 {[%emt 0:05:30]} 14. Kh1 {[%emt 0:06:30]} Bg5 {[%emt 0:14:30]} 15. Rac1 {[%emt 0:09:30]} b6 {[%emt 0:06:30]} 16. Bg4 {[%emt 0:11:30]} Bxe3 {[%emt 0:06:30]} 17. fxe3 {[%emt 0:02:30]} Nc5 {[%emt 0:01:30]} 18. Nxc5 {[%emt 0:00:30]} bxc5 {[%emt 0:00:30]} 19. Bxc8 {[%emt 0:00:30]} Rxc8 {[%emt 0:01:30]} 20. e4 {[%emt 0:03:30]} Qg5 {[%emt 0:10:30]} 21. Rc2 {[%emt 0:01:30]} a4 {[%emt 0:03:30]} 22. Qh3 {[%emt 0:02:30]} Qe7 {[%emt 0:01:30]} 23. Rc3 {[%emt 0:07:30]} Rb8 {[%emt 0:00:30]} 24. b3 {[%emt 0:00:30]} axb3 {[%emt 0:02:30]} 25. axb3 {[%emt 0:00:00]} Ra8 {[%emt 0:01:30]} 26. Rcf3 {[%emt 0:05:00]} Ra2 {[%emt 0:01:30]} 27. Qg4 {[%emt 0:06:46]} Rfa8 {[%emt 0:10:29]} 28. Qf5 {[%emt 0:00:09]} f6 {[%emt 0:04:19]} 29. h4 {[%emt 0:01:21]} R2a7 {[%emt 0:03:18]} 30. h5 {[%emt 0:02:05]} Qd7 {[%emt 0:02:34]} 31. Qxd7 {[%emt 0:00:30]} Rxd7 {[%emt 0:00:30]} 32. h6 {[%emt 0:01:54]} Rf7 {[%emt 0:00:00]} 33. Kh2 {[%emt 0:02:25]} Raf8 {[%emt 0:02:59]} 34. hxg7 {[%emt 0:03:04]} Kxg7 {[%emt 0:00:07]} 35. Rf5 {[%emt 0:00:57]} Ra8 {[%emt 0:00:52]} 36. R1f3 {[%emt 0:01:59]} Ra2 {[%emt 0:00:06]} 37. Kh3 {[%emt 0:01:29]} Re2 {[%emt 0:01:44]} 38. Rg3+ {[%emt 0:02:02]} Kf8 {[%emt 0:00:45]} 39. Rg4 {[%emt 0:00:04]} Re3+ {[%emt 0:00:14]} 40. Rf3 {[%emt 0:00:00]} Rxf3+ {[%emt 0:00:00]} 41. gxf3 {[%emt 0:00:45]} Rb7 {[%emt 0:03:33]} 42. Rh4 {[%emt 0:01:30]} Kg7 {[%emt 0:04:30]} 43. Rg4+ {[%emt 0:02:30]} Kf7 {[%emt 0:00:30]} 44. Rh4 {[%emt 0:01:30]} Rxb3 {[%emt 0:00:30]} 45. Kg3 {[%emt 0:00:30]} Kg7 {[%emt 0:02:30]} 46. Rg4+ {[%emt 0:00:30]} Kh8 {[%emt 0:07:30]} 47. Rh4 {[%emt 0:00:00]} Kg7 {[%emt 0:04:29]} 48. Rg4+ {[%emt 0:00:00]} Kf8 {[%emt 0:01:31]} 49. Rh4 {[%emt 0:00:30]} 1/2-1/2

[Event "Turkish Super League 2019"]
[Site "Konya"]
[Date "2019.07.28"]
[Round "13"]
[White "Visakh N R"]
[Black "Selbes, Tarik"]
[Result "1-0"]
[WhiteElo "2526"]
[BlackElo "2342"]
[Annotator "ChessBase"]
[PlyCount "73"]
[EventDate "2019.07.17"]
[EventType "team-tourn"]
[EventCountry "TUR"]
[SourceTitle "playchess.com"]
[Source "ChessBase"]
[SourceQuality "1"]
[TimeControl "40/5400+30:1800+30"]

1. d4 {[%emt 0:00:30]} Nf6 {[%emt 0:00:30]} 2. c4 {[%emt 0:00:00]} g6 {[%emt 0:00:30]} 3. Nc3 {[%emt 0:00:00]} Bg7 {[%emt 0:00:00]} 4. e4 {[%emt 0:00:30]} d6 {[%emt 0:00:00]} 5. f3 {[%emt 0:00:00]} O-O {[%emt 0:00:30]} 6. Be3 {[%emt 0:00:00]} c5 {[%emt 0:00:30]} 7. Nge2 {[%emt 0:00:30]} Qa5 {[%emt 0:00:30]} 8. Nc1 {[%emt 0:00:30]} cxd4 {[%emt 0:00:30]} 9. Nb3 {[%emt 0:00:00]} Qh5 {[%emt 0:00:30]} 10. Nxd4 {[%emt 0:00:00]} Nc6 {[%emt 0:00:00]} 11. Be2 {[%emt 0:00:30]} Nxd4 {[%emt 0:02:00]} 12. Bxd4 {[%emt 0:00:30]} Be6 {[%emt 0:00:00]} 13. Qd2 {[%emt 0:00:00]} Rfc8 {[%emt 0:02:00]} 14. b3 {[%emt 0:04:00]} Qa5 {[%emt 0:01:30]} 15. Rb1 {[%emt 0:08:30]} a6 {[%emt 0:03:30]} 16. O-O {[%emt 0:02:30]} b5 {[%emt 0:13:30]} 17. b4 {[%emt 0:01:30]} Qd8 {[%emt 0:00:30]} 18. cxb5 {[%emt 0:02:30]} axb5 {[%emt 0:00:30]} 19. Bxb5 {[%emt 0:00:30]} Ra3 {[%emt 0:12:30]} 20. Rfc1 {[%emt 0:00:30]} h5 {[%emt 0:30:30]} 21. Kh1 {[%emt 0:08:30]} Kh7 {[%emt 0:01:30]} 22. Qb2 {[%emt 0:05:30]} Rcxc3 {[%emt 0:04:30]} 23. Rxc3 {[%emt 0:00:30]} Rxa2 {[%emt 0:00:30]} 24. Qc1 {[%emt 0:00:00]} Nxe4 {[%emt 0:01:30]} 25. Bxg7 {[%emt 0:00:00]} Nf2+ {[%emt 0:01:30]} 26. Kg1 {[%emt 0:00:30]} Kxg7 {[%emt 0:00:30]} 27. Qe3 {[%emt 0:02:30]} d5 {[%emt 0:06:43]} 28. Qd4+ {[%emt 0:00:30]} f6 {[%emt 0:00:16]} 29. Bc4 {[%emt 0:00:30]} Ra8 {[%emt 0:10:57]} 30. Be2 {[%emt 0:00:00]} Bf5 {[%emt 0:01:02]} 31. Rbc1 {[%emt 0:00:00]} Nh3+ {[%emt 0:01:12]} 32. gxh3 {[%emt 0:00:30]} Ra2 {[%emt 0:00:50]} 33. Bc4 {[%emt 0:01:30]} Rb2 {[%emt 0:00:35]} 34. Rb3 {[%emt 0:01:30]} Ra2 {[%emt 0:00:34]} 35. Re3 {[%emt 0:00:30]} e5 {[%emt 0:01:18]} 36. Qxd5 {[%emt 0:00:30]} Qb6 {[%emt 0:00:21]} 37. Qc5 {[%emt 0:00:30]} 1-0

[Event "Turkish Super League 2019"]
[Site "Konya"]
[Date "2019.07.28"]
[Round "13"]
[White "Moiseenko, Vadim"]
[Black "Iljiushenok, Ilia"]
[Result "1/2-1/2"]
[WhiteElo "2523"]
[BlackElo "2520"]
[Annotator "TA"]
[PlyCount "63"]
[EventDate "2019.07.17"]
[EventType "team-tourn"]
[EventCountry "TUR"]
[SourceTitle "playchess.com"]
[Source "ChessBase"]
[SourceQuality "1"]

{[%evp 25,63,8,19,10,16,11,10,10,10,10,8,8,7,9,10,3,2,4,5,8,8,8,8,8,8,8,8,0,0,0,0,0,0,0,0,0,0,0,0,0]} 1. d4 Nf6 2. c4 g6 3. Nc3 d5 4. cxd5 Nxd5 5. e4 Nxc3 6. bxc3 Bg7 7. Nf3 O-O ({Predecessor:} 7... c5 8. Rb1 {½-½ (31) Junge,W (2352)-Baldomero Garcia,J (2367) ICCF email 2013}) 8. Rb1 c5 9. Be2 cxd4 10. cxd4 Qa5+ 11. Bd2 Qxa2 12. O-O Bg4 13. Be3 Nc6 {The position is equal.} 14. Rxb7 $146 {D85: Exchange Grünfeld: Unusual White 7th moves and lines with 7 Nf3} (14. d5 Na5 15. Bg5 b6 16. Bxe7 Rfe8 17. d6 Nc6 18. Bb5 Nxe7 19. h3 Bxf3 20. Qxf3 Qe6 21. Bxe8 Rxe8 22. dxe7 Qxe7 {½-½ (32) Aronian,L (2799)-Vachier Lagrave,M (2789) Tbilisi 2017}) 14... Rab8 15. Rc7 Rfc8 16. Rxc8+ Rxc8 17. h3 Bxf3 18. Bxf3 Rd8 {[%cal Rg7d4]} 19. d5 Ne5 20. Qb1 (20. Qc1 {with more complications.} Nc4 21. Bg5 Re8 22. Qb1 Qxb1 23. Rxb1 Nd6 24. Bf4) 20... Nxf3+ 21. gxf3 Qxb1 22. Rxb1 $11 {[%mdl 4096] Endgame KRB-KRB} a5 23. Rb7 Ra8 $1 {And now ...a4 would win.} 24. Bc5 a4 {[#] White must now prevent ...a3.} 25. Ba3 e5 26. d6 Rd8 27. Ra7 Bf8 28. Rxa4 Bxd6 29. Bxd6 Rxd6 30. Ra5 Re6 31. Kg2 Kg7 32. Kg3 {Accuracy: White = 74%, Black = 86%.} 1/2-1/2

[Event "Turkish Super League 2019"]
[Site "Konya"]
[Date "2019.07.28"]
[Round "13"]
[White "Sanal, Vahap"]
[Black "Demchenko, Anton"]
[Result "1/2-1/2"]
[WhiteElo "2520"]
[BlackElo "2665"]
[Annotator "TA"]
[PlyCount "79"]
[EventDate "2019.07.17"]
[EventType "team-tourn"]
[EventCountry "TUR"]
[SourceTitle "playchess.com"]
[Source "ChessBase"]
[SourceQuality "1"]

{[%evp 13,79,37,30,26,41,37,52,41,51,41,53,42,58,24,56,55,61,17,48,37,41,33,38,35,43,22,61,53,62,38,36,30,36,17,38,5,143,133,158,104,137,106,114,114,122,108,106,105,125,125,127,127,131,104,110,81,77,72,116,39,47,0,0,0,0,0,0,0]} 1. e4 g6 2. d4 Bg7 3. Nf3 d6 4. Bd3 Nf6 5. c3 O-O 6. O-O Nc6 7. Be3 e5 8. Nbd2 {[%cal Bb1d2,Bd2f1,Bf1e3][%mdl 32] B07: Pirc Defence: Miscellaneous Systems} Ng4 9. Bg5 f6 10. Bh4 {White is slightly better.} Kh8 $146 ({Predecessor:} 10... h5 11. Bg3 Nh6 12. h3 g5 13. Nc4 Ne7 14. dxe5 dxe5 15. h4 g4 {1-0 (38) Sanal,V (2469)-Shanava,K (2545) Mersin 2016}) 11. Re1 Nh6 12. Bg3 Nf7 13. Nf1 Bd7 14. Ne3 Qc8 15. Qb1 Ng5 16. Nxg5 fxg5 17. d5 Ne7 18. c4 h5 {[#] White must now prevent ...h4.} 19. h3 h4 20. Bh2 g4 21. Nxg4 Bxg4 22. hxg4 Qxg4 {Threatening ...h3.} 23. Be2 Qg5 24. Qc1 Rf4 (24... Qxc1 $11 {keeps the balance.} 25. Raxc1 Bh6) 25. Qe3 $36 {[%mdl 2112] [#] Pin. Keeping Black busy.} Raf8 26. Kh1 (26. Bxf4 $142 exf4 27. Qh3 (27. Qxa7 f3 $15)) 26... b6 27. Rad1 Qh6 28. Bxf4 exf4 29. Qa3 Be5 30. Bg4 (30. Qxa7 f3 $11) 30... Ng8 31. f3 (31. Qxa7 $6 f3 $11) 31... Nf6 32. Bh3 (32. Qxa7 Nxg4 33. Re2 (33. fxg4 $2 f3 $19) 33... h3 $19) 32... a5 33. Rd3 Qg5 34. Kg1 Qg3 35. Re2 Kg7 36. Qa4 ({White should try} 36. Qb3 $16) 36... Bxb2 $1 $14 37. Rxb2 ({Don't take} 37. Qc6 $6 Rf7 $16) 37... Qe1+ {The position is equal.} 38. Kh2 Qg3+ 39. Kg1 Qe1+ 40. Kh2 {Accuracy: White = 37%, Black = 41%.} 1/2-1/2

[Event "Turkish Super League 2019"]
[Site "Konya"]
[Date "2019.07.28"]
[Round "13"]
[White "Annaberdiev, Meilis"]
[Black "Romanov, Evgeny"]
[Result "1-0"]
[WhiteElo "2515"]
[BlackElo "2582"]
[Annotator "ChessBase"]
[PlyCount "85"]
[EventDate "2019.07.17"]
[EventType "team-tourn"]
[EventCountry "TUR"]
[SourceTitle "playchess.com"]
[Source "ChessBase"]
[SourceQuality "1"]
[TimeControl "40/5400+30:1800+30"]

1. e4 {[%emt 0:00:30]} e5 {[%emt 0:00:30]} 2. Nf3 {[%emt 0:00:30]} Nc6 {[%emt 0:00:00]} 3. Bc4 {[%emt 0:00:00]} Bc5 {[%emt 0:00:00]} 4. d3 {[%emt 0:00:00]} Nf6 {[%emt 0:01:30]} 5. Bg5 {[%emt 0:00:30]} h6 {[%emt 0:00:30]} 6. Bh4 {[%emt 0:00:30]} Be7 {[%emt 0:02:30]} 7. Bg3 {[%emt 0:00:30]} d6 {[%emt 0:00:30]} 8. a4 {[%emt 0:00:30]} Bg4 {[%emt 0:10:30]} 9. h3 {[%emt 0:01:30]} Bh5 {[%emt 0:00:00]} 10. c3 {[%emt 0:01:30]} Nh7 {[%emt 0:11:00]} 11. Nbd2 {[%emt 0:07:30]} Ng5 {[%emt 0:00:00]} 12. a5 {[%emt 0:01:30]} a6 {[%emt 0:02:00]} 13. Qb3 {[%emt 0:01:30]} Nxf3+ {[%emt 0:00:30]} 14. Nxf3 {[%emt 0:00:00]} Rb8 {[%emt 0:02:30]} 15. Nh2 {[%emt 0:14:00]} O-O {[%emt 0:05:30]} 16. Nf1 {[%emt 0:16:30]} Bg5 {[%emt 0:04:30]} 17. Bh2 {[%emt 0:06:30]} Ne7 {[%emt 0:03:30]} 18. h4 {[%emt 0:09:30]} Bxh4 {[%emt 0:07:30]} 19. Bxe5 {[%emt 0:03:30]} dxe5 {[%emt 0:01:30]} 20. Rxh4 {[%emt 0:00:30]} Bg6 {[%emt 0:00:30]} 21. g3 {[%emt 0:11:30]} Kh7 {[%emt 0:06:30]} 22. Ne3 {[%emt 0:02:30]} f5 {[%emt 0:02:30]} 23. O-O-O {[%emt 0:00:00]} f4 {[%emt 0:02:30]} 24. gxf4 {[%emt 0:07:11]} exf4 {[%emt 0:06:30]} 25. Ng4 {[%emt 0:02:00]} Nc6 {[%emt 0:00:00]} 26. Rdh1 {[%emt 0:00:06]} Qg5 {[%emt 0:04:00]} 27. f3 {[%emt 0:02:56]} Nxa5 {[%emt 0:00:30]} 28. Qa4 {[%emt 0:00:23]} Nc6 {[%emt 0:04:30]} 29. Bd5 {[%emt 0:01:21]} b5 {[%emt 0:01:30]} 30. Qc2 {[%emt 0:05:02]} Ne7 {[%emt 0:06:46]} 31. Ba2 {[%emt 0:00:30]} b4 {[%emt 0:02:07]} 32. cxb4 {[%emt 0:00:41]} Rb6 {[%emt 0:05:01]} 33. Qg2 {[%emt 0:02:19]} h5 {[%emt 0:04:09]} 34. d4 {[%emt 0:00:26]} Ng8 {[%emt 0:02:02]} 35. Qf2 {[%emt 0:02:07]} Nh6 {[%emt 0:02:02]} 36. Ne5 {[%emt 0:00:36]} Be8 {[%emt 0:00:30]} 37. Qc2 {[%emt 0:00:30]} Rxb4 {[%emt 0:00:49]} 38. Qc5 {[%emt 0:00:02]} Ra4 {[%emt 0:01:33]} 39. Qxf8 {[%emt 0:00:30]} Rxa2 {[%emt 0:00:30]} 40. Kb1 {[%emt 0:00:30]} Bf7 {[%emt 0:00:00]} 41. Nxf7 {[%emt 0:07:20]} Rxb2+ {[%emt 0:01:31]} 42. Kxb2 {[%emt 0:00:30]} Qb5+ {[%emt 0:00:30]} 43. Kc3 {[%emt 0:00:30]} 1-0